000 02210aam a2200385 i 4500
001 ocm57352756
003 EG-ScBUE
005 20250511085457.0
008 041227m20062008maua f b 001 0 eng d
020 _a9781405102605 (Vol. 2)
020 _a9781405102582 (Vol. 1)
035 _a(OCoLC)ocm57352756
040 _aDLC
_beng
_erda
_cDLC
_dBWKUK
_dBAKER
_dPUL
_dMDY
_dYBM
_dNLGGC
_dBTCTA
_dYDXCP
_dSTF
_dLVB
_dCLU
_dYUS
_dMUQ
_dOXF
_dIG#
_dTTS
_dOCLCQ
_dGZM
_dTULIB
_dOCLCO
_dOCLCF
_dUPX
_dIUL
_dNJI
_dOCLCO
_dOCLCQ
_dAHS
_dOCLCQ
_dI8M
_dEG-ScBUE
082 0 4 _a720.1
_222
_bARC
245 0 0 _aArchitectural theory /
_cedited by Harry Francis Mallgrave.
264 1 _aMalden, MA :
_bBlackwell Publishing,
_c[2006-2008]
264 4 _cc2006-2008
300 _a2 volumes :
_billustrations ;
_c26 cm
336 _atext
_btxt
_2rdacontent
337 _aunmediated
_bn
_2rdamedia
338 _avolume
_bnc
_2rdacarrier
504 _aIncludes bibliographical references and index.
505 0 _aVolume 1. An anthology from Vitruvius to 1870 -- Volume 2. An anthology from 1871-2005
520 _a"The present volume, which is the first of two, begins with theory in ancient and classical times and concludes in 1870"--Page [xxiii]. "[This volume], along with the forthcoming second volume, covering 1870 to 2000, is an indispensable reference for any student or scholar of architecture. Organized thematically, it features general and section introductions and headnotes to each essay written by a renowned expert on architectural theory"--Back cover.
650 7 _aArchitecture
_xPhilosophy.
_2BUEsh
653 _cMay2025
_bART
655 _vReading book
700 1 _aMallgrave, Harry Francis,
_eeditor
776 0 8 _iOnline version:
_tArchitectural theory.
_dMalden, MA : Blackwell Pub., 2006-<2008>
_w(OCoLC)681101621
856 4 1 _3Table of contents
_uhttp://catdir.loc.gov/catdir/toc/ecip055/2004030886.html
856 4 2 _3Contributor biographical information
_uhttp://catdir.loc.gov/catdir/enhancements/fy0802/2004030886-b.html
856 4 2 _3Publisher description
_uhttp://catdir.loc.gov/catdir/enhancements/fy0802/2004030886-d.html
880 1 _6700-01
_aΚοντανδριοπούλου, Χριστίνα.
_4edt
942 _2ddc
_cBB
999 _c30954
_d30925